Catálogo

BETA-BLOCKADE (Registro nro. 18385)

Detalles MARC
000 -LEADER
fixed length control field 00343nam a2200157 a 4500
001 - CONTROL NUMBER
control field 18385
005 - DATE AND TIME OF LATEST TRANSACTION
control field 20230414123557.0
008 - FIXED-LENGTH DATA ELEMENTS--GENERAL INFORMATION
fixed length control field 140415s1979 xxc 000 0 spa d
041 ## - LANGUAGE CODE
Language code of text/sound track or separate title spa
082 ## - DEWEY DECIMAL CLASSIFICATION NUMBER
Classification number 615.1
Item number BET
245 00 - TITLE STATEMENT
Title BETA-BLOCKADE
250 ## - EDITION STATEMENT
Edition statement 1a ed.
260 ## - PUBLICATION, DISTRIBUTION, ETC.
Place of publication, distribution, etc. CANADA :
Name of publisher, distributor, etc. ASTRA,
Date of publication, distribution, etc. 1979
300 ## - PHYSICAL DESCRIPTION
Extent 106
650 14 - SUBJECT ADDED ENTRY--TOPICAL TERM
Topical term or geographic name entry element FARMACOLOGIA
Existencias
Withdrawn status Lost status Source of classification or shelving scheme Damaged status Not for loan Collection code Home library Current library Shelving location Date acquired Source of acquisition Inventory number Total Checkouts Full call number Barcode Date last seen Date last checked out Price effective from Koha item type
    Dewey Decimal Classification     General Biblioteca Karol Wojtyla Biblioteca Karol Wojtyla Sala general 03/12/2013 Compra 151000000000000000005945 1 615.1 BET 37675 05/01/2026 13/08/2018 03/12/2013 Libro